000 00646nam a22002057a 4500
005 20251108172537.0
008 250721s2007 xx 000 0 ara d
082 1 4 _a954.03/غان
100 1 _aغاندي، المهتاما
245 1 0 _aقصة تجاربي مع الحقيقة : سيرة المهتاما غاندي بقلمه /
250 _aط 7
264 1 _aبيروت :
_bدار العلم للملايين،
_c2007.
300 _a584 ص
650 1 7 _aتاريخ الهند
650 1 7 _aرؤساء الدول
650 1 7 _aالتراجم
700 1 _aبعلبكي، منير
_eمترجم
942 _2ddc
_cBK
999 _c82084
_d82084